Modelación matemática del flujo superficial y su aplicación al caso de un simulador de lluvias
Na minha lista:
| Main Authors: | , , |
|---|---|
| Formato: | Livro |
| Idioma: | espanhol |
| Publicado em: |
Santiago
Universidad de Chile
1981
|
| Colecção: | CRH - 81 - 24 - I
|
| Assuntos: | |
| Tags: |
Adicionar Tag
Sem tags, seja o primeiro a adicionar uma tag!
|
MARC
| LEADER | 00000nam a2200000 a 4500 | ||
|---|---|---|---|
| 001 | UCU4094 | ||
| 003 | CL-VaPUC | ||
| 008 | 960517e19810000CL |||||||||||||||||spa|d | ||
| 082 | 0 | 4 | |a 551.577 |b VAR |2 21 |
| 100 | 0 | |a Vargas Mesa, Ximena |e author |9 498524 | |
| 700 | 0 | |a Brown Fernández, Ernesto |e author |9 498525 | |
| 700 | 0 | |a Westenenk Silva, Cornelio |e author |9 498526 | |
| 245 | 1 | 0 | |a Modelación matemática del flujo superficial y su aplicación al caso de un simulador de lluvias |
| 300 | |a 311 p | ||
| 942 | |c BK | ||
| 945 | |d 19960517 00:00:00 |a paguirre | ||
| 260 | |a Santiago |b Universidad de Chile |c 1981 | ||
| 650 | 0 | |a Precipitaciones |9 357816 | |
| 650 | 7 | |a PRECIPITACIONES ARTIFICIALES |2 CL-VaPUC |9 361514 | |
| 650 | 7 | |a LLUVIA |2 CL-VaPUC |9 361473 | |
| 650 | 7 | |a CONTROL DEL TIEMPO |2 CL-VaPUC |9 498527 | |
| 650 | 7 | |a METEOROLOGIA |2 CL-VaPUC |9 260030 | |
| 650 | 0 | |a Matemática aplicada |9 260236 | |
| 583 | |a last modification |c 19960517 00:00:00 |k Rodrigo Vera | ||
| 490 | 0 | |a CRH - 81 - 24 - I | |
| 999 | |c 316237 |d 316235 | ||
| 952 | |0 0 |1 0 |4 0 |6 551_577000000000000_VAR_1981 |7 0 |8 A |9 390447 |a BIBING |b BIBING |d 2019-11-22 |i 1659766 |l 1 |m 1 |o 551.577 VAR 1981 |p 1659766 |r 2025-01-20 |s 2023-05-05 |w 2019-11-22 |y BK |k ING | ||